000 00467nam a22001817a 4500
005 20180205163519.0
008 160429b xxu||||| |||| 00| 0 eng d
020 _a0-07-058672-1
041 _aeng
082 _b00843
_a005.1
100 _aHughes, Bob and mike cotterell
_94086
245 _aSoftware Project Management
250 _a3rd ed.
260 _aNew Delhi
_bTMH Publ.co.Ltd.
_c2004
300 _a358
650 _aInformation Technology
_9137
942 _cBK
999 _c276
_d276